El Hormigón armado : revista trimestral ilustrada revista trimestral ilustrada
Descripción Física:
1 volum : 32 cm
Idioma:
Español
MARC
| LEADER | 00000nas a2200000 a 4500 | ||
|---|---|---|---|
| 001 | 28058 | ||
| 003 | Arxiu | ||
| 005 | 20260324180144.0 | ||
| 008 | 160829d1905 sp qrxp spa c | ||
| 040 | |a AGDB | ||
| 080 | |a Revistes | ||
| 245 | 0 | 3 | |a El Hormigón armado : |b revista trimestral ilustrada |
| 260 | |a Sestao [Bilbao] : |b Tip. de B. Guzmán, |c 1905?- | ||
| 300 | |a 1 volum : |c 32 cm | ||
| 310 | |a Trimestral | ||
| 590 | |a Trimestral. | ||
| 590 | |a Descripció basada en: Cuarto año, cuarto trimestre, núm. 29 (1905?). | ||
| 590 | |a Prové de Q-674, exp. 7 | ||
| 650 | |a Construcció |x Revistes |9 47995 | ||
| 655 | 0 | |9 55823 |a Revistes | |
| 866 | |a Any 4: 1905? (9, 4t trim.) | ||
| 901 | |a Arxiu | ||
| 942 | |n 1 |2 udc |c REV | ||
| 952 | |0 0 |1 0 |4 0 |6 REV2200 |7 1 |9 54264 |a Arxiu |b Arxiu |d 2023-06-20 |h Año 4, núm 29 (4t trimestre 1905) |o Rev-2200 |p 28058 |r 2016-12-01 00:00:00 |w 2016-12-01 |y ARXIU | ||
| 999 | |c 58133 |d 58133 | ||